00371nam a2200133 a 450008200150000010000300001524500480004526000470009330000090014050000350014950500100018465000130019470000300020700a294.5bSHA aShastri, Swami Shivananda aShort Review of Sanatana Dharma Or Hinduism aBombaybArun K Mahta at Vakil & Sonsc1968 a397p aincludes index and biblioraphy2 aIndex aHinduism1 aShastri, Swami Shivananda